000
00261nam a22001217a 4500
008
190226b xxu||||| |||| 00| 0 eng d
041
_a
eng
080
_a
338
100
_a
53
101
_a
SI
245
_a
Information Systems
_c
Gallaugher,J
942
_2
udc
_c
BK
999
_c
54299
_d
54299